Matematika Požiadavky z matematiky pre štúdium na VŠE

Bibliographic Details
Main Authors: Benko, Eduard, 1934-2003 (Author), Drobná, Oľga (Author), Reháková, Anna (Author), Žilinková, Júlia, 1919-2003 (Author)
Format: Book
Language:Slovak
PhysicalDescription:244 s. Tb. Sch. 29 cm
Published: Bratislava Vysoká škola ekonomická 1983
Edition:1. vyd.
Series:Vysokoškolské skriptá
Subjects:

MARC

LEADER 00000nam a2200000 a 4500
001 vtls001092664
003 SK-MaSNL
005 20260302030911.0
008 250414s1983 xo 0 slo
015 |a SNBA1983/11 
035 |a SNK000035506 
040 |a SNK  |b slo  |c SNK  |e AACR2 
041 0 |a slo 
044 |a xo  |c SK 
080 |a 51(075.8)  |2 1981 
245 0 0 |a Matematika  |b Požiadavky z matematiky pre štúdium na VŠE  |c Eduard Benko, Oľga Drobná, Anna Reháková, Júlia Žilinková 
250 |a 1. vyd. 
260 |a Bratislava  |b Vysoká škola ekonomická  |c 1983  |e Bratislava  |f Edičné stredisko VŠE 
300 |a 244 s.  |b Tb. Sch.  |c 29 cm 
366 |e 3000 výtl. 
490 1 |a Vysokoškolské skriptá 
504 |a Obsahuje bibliografiu 
650 0 7 |a matematika  |2 SNKPH  |9 70174 
655 7 |a učebnice vysokých škôl  |2 SNKPH  |9 70191 
655 7 |a Textbooks (higher)  |2 SNKPHeng  |9 276436 
700 1 |a Benko, Eduard,  |d 1934-2003  |4 aut  |9 49167 
700 1 |a Drobná, Oľga  |4 aut  |9 12428 
700 1 |a Reháková, Anna  |4 aut  |9 16869 
700 1 |a Žilinková, Júlia,  |d 1919-2003  |4 aut  |9 49262 
830 0 |a Vysokoškolské skriptá  |9 276440 
852 |a Slovenská národná knižnica 
954 |a odborná, vedecká literatúra pôvodná (slovenská)  |2 lita 
954 |a matematika 
958 |a OND 
958 |a NB 
958 |a RM 
958 |a UV 
999 |c 1049720  |d 1051650 
952 |a SNK  |b SNK  |y PREZ  |7 0  |p 17A0782106  |o snkSB 35536  |0 0  |1 0  |4 0  |d 2012-03-16  |f 1  |l 0  |r 2025-04-11 00:00:00  |w 2026-02-24 
952 |t P60, <04>, [BOOK], {604}  |a SNK  |b SNK  |y VYP  |7 0  |p 17A0235877  |o snkSB 35536 D1  |0 0  |1 0  |4 0  |d 2000-04-28  |l 0  |r 2004-12-31 00:00:00  |w 2026-02-24